The historic peerage of England : (Record no. 160657)

MARC details
000 -LEADER
campo de control de longitud fija 01172nam a22002535i 4500
001 - NÚMERO DE CONTROL
campo de control 160657
003 - IDENTIFICADOR DE NÚMERO DE CONTROL
campo de control ES-MaACL
005 - FECHA Y HORA DE LA ÚLTIMA TRANSACCIÓN
campo de control 20250709064103.0
008 - DATOS DE LONGITUD FIJA--INFORMACIÓN GENERAL
campo de control de longitud fija 041001e1857 xxk |||| | eng d
040 ## - FUENTE DE CATALOGACIÓN
Centro catalogador/agencia de origen CAM
Lengua de catalogación spa
Centro/agencia transcriptor CAM
080 ## - NÚMERO DE LA CLASIFICACIÓN DECIMAL UNIVERSAL
Número de la Clasificación Decimal Universal 929.7(410)
100 1# - ENTRADA PRINCIPAL--NOMBRE DE PERSONA
Nombre de persona Nicolas, Nicholas Harris,
Fechas asociadas al nombre 1799-1848
Término indicativo de función/relación Autor
9 (RLIN) 241233
245 14 - MENCIÓN DEL TÍTULO
Título The historic peerage of England :
Resto del título exhibiting, under alphabetical arrangement, the origin, descent and present state of every title of peerage which has existed in this country since the conquest... /
Mención de responsabilidad, etc. by Sir Harris Nicholas ; revised, corrected and continued to the present time... by William Courthope.
260 ## - PUBLICACIÓN, DISTRIBUCIÓN, ETC.
Lugar de publicación, distribución, etc. London :
Nombre del editor, distribuidor, etc. John Murray,
Fecha de publicación, distribución, etc. 1857
300 ## - DESCRIPCIÓN FÍSICA
Extensión LXXVI, 610 páginas ;
Dimensiones 23 cm.
530 ## - NOTA DISPONIBLE DE FORMULARIO FÍSICO ADICIONAL
Nota de formato físico adicional disponible Disponible en formato digital
650 #4 - PUNTO DE ACCESO ADICIONAL DE MATERIA--TÉRMINO DE MATERIA
Término de materia o nombre geográfico como elemento de entrada Títulos nobiliarios-
Subdivisión geográfica Gran Bretaña
9 (RLIN) 136963
700 1# - ENTRADA AGREGADA--NOMBRE PERSONAL
Nombre de persona Courthope, William,
Fechas asociadas al nombre 1808-1866
9 (RLIN) 126624
Término indicativo de función/relación Colaborador
852 ## - LOCALIZACIÓN
Ubicación ES-MaACL
Ubicación en estantería Sala Pecera Planta 3
Número de control de estantería G-11512
Encuadernación Tela
856 ## - LOCALIZACIÓN Y ACCESO ELECTRÓNICOS
Identificador Uniforme de Recursos <a href="https://archive.org/details/historicpeerageo00nicouoft/page/n5/mode/2up">https://archive.org/details/historicpeerageo00nicouoft/page/n5/mode/2up</a>
Texto de enlace Versión en línea
Nota pública (Internet Archive)
942 ## - ELEMENTOS DE ENTRADA SECUNDARIOS (KOHA)
Fuente del sistema de clasificación o colocación Clasificación decimal universal
Tipo de ítem Koha Libro impreso antiguo
Suprimir en OPAC No
Holdings
Estatus retirado Estado de pérdida Fuente del sistema de clasificación o colocación Estado de daño No para préstamo Colección Biblioteca de origen Biblioteca actual Ubicación en estantería Fecha de adquisición Total de préstamos Signatura topográfica completa Código de barras Visto por última vez Tipo de ítem Koha
    Clasificación decimal universal     Libros del s. XIX Biblioteca del Ateneo de Madrid Biblioteca del Ateneo de Madrid Sala Pecera Planta 3 17/01/2008   G-11512 1168218 23/02/2023 Libro impreso antiguo